000 00766cam a2200241 a 4500
999 _c4495
_d4495
003 OSt
005 20220323125957.0
008 860520s1985 enka b 001 0 eng
020 _a063201041X (pbk.)
040 _cALUPE UNIVERSITY
050 0 0 _aQM601
_b.B35 1985
100 1 _aBeck, F.
245 1 0 _aHuman embryology /
_cF. Beck, D.B. Moffat, D.P. Davies.
250 _a2nd ed.
260 _aOxford ;
_aBoston :
_bBlackwell ;
_aSt. Louis, Mo. :
_bDistributor, Blackwell Mosby,
_c1985.
300 _axi, 372 p. :
_bill. ;
_c25 cm.
504 _aIncludes bibliographies and index.
650 0 _aEmbryology, Human.
700 1 _aMoffat, D. B.
_q(David Burns)
700 1 _aDavies, D. P.
906 _a7
_bcbc
_corignew
_d3
_encip
_f19
_gy-gencatlg
942 _2lcc
_cBK
_nJO